Statistics for Languages of Papua New Guinea

Click here to take the quiz!

General Stats

  • This quiz has been taken 7 times
  • The average score is 2 of 10

Answer Stats

SpeakersLanguage% Correct
4,122,000Tok Pisin
100%
95,000Hiri Motu
60%
61,000Dobu
0%
370,000Enga
0%
51,100Golin
0%
200,000Huli
0%
61,000Kate
0%
40,000Kilivila
0%
148,000Kuanua
0%
45,000West Kewapi
0%

Score Distribution

Percentile by Number Answered

Percent of People with Each Score

Your Score History

You have not taken this quiz